Tilastot visalle Harry Potter sukunimivisa

Klikkaa tästä pelataksesi tätä visaa!

Yleistilastot

  • Tätä visaa on pelattu 39 kertaa
  • Keskiarvotulos 24 / 44

Vastaustilastot

HintVastaus% Oikein
HarryPotter
100%
RonWeasley
97%
HermioneGranger
94%
RubeusHagrid
94%
DracoMalfoy
90%
NevilleLongbottom
90%
RemusLupin
87%
DudleyDursley
84%
SeverusKalkaros
81%
SiriusMusta
81%
ViktorKrum
81%
LunaLovekiva
74%
DoloresPimento
74%
CedricDiggory
74%
GilderoyLockhart
71%
ChoChang
71%
BellatrixLestrange
71%
NymfadoraTonks
68%
SeamusFinnigan
65%
MinervaMcGarmiwa
65%
FleurDelacour
58%
RowenaKorpinkynsi
58%
LavenderBrown
55%
PadmaPatil
55%
OliverWood
52%
SibyllaPunurmio
52%
PansyParkinson
48%
HoratiusKuhnusarvio
45%
FenrirHarmaaselkä
45%
PeterPiskuilan
42%
ColinCreevey
35%
FiliusLipetit
32%
VincentCrabbe
32%
GregoryGoyle
32%
IgorIrkoroff
29%
QuirinusOrave
29%
PomonaVerso
29%
BathildaBagshot
23%
OlympeMaxime
23%
GellertGrindelwald
16%
GarrickOllivander
13%
AlektoCarrow
13%
RolandaHuiski
10%
CorbanYaxley
6%

Tulosjakauma

Persentiili vastausten määrän mukaan

Jokaisen tuloksen saaneiden osuus

Tuloshistoriasi

Et ole pelannut tätä visaa